[Event "Santo Domingo Autumn op"]
[Site "Santo Domingo"]
[Date "2016.10.07"]
[Round "6"]
[White "Mejia, Juan Alberto"]
[Black "Sanchez Acevedo, Jensy Manuel"]
[Result "1-0"]
[WhiteElo "1927"]
[BlackElo "1729"]
[PlyCount "147"]
[EventDate "2016.10.07"]
[EventType "swiss"]
[EventRounds "8"]
[EventCountry "DOM"]
[SourceTitle "CBM 175 Extra"]
[Source "ChessBase"]
[SourceDate "2016.12.12"]
[SourceVersion "1"]
[SourceVersionDate "2016.12.12"]
[SourceQuality "1"]

1. Nf3 c5 2. e4 e6 3. Qe2 Nc6 4. c3 d6 5. g3 Nf6 6. Bg2 Qc7 7. 0-0 Be7 8. d4 cxd4 9. cxd4 0-0 10. Nc3 a6 11. Rd1 e5 12. d5 Nb8 13. h3 Nbd7 14. Bd2 b6 15. Rac1 Bb7 16. Na4 Qd8 17. b4 Rc8 18. Nh4 Re8 19. Nf5 Rxc1 20. Rxc1 Bf8 21. Be3 b5 22. Nb2 Qb8 23. a4 bxa4 24. Nxa4 Rc8 25. Qb2 Rxc1+ 26. Qxc1 Qc8 27. Qxc8 Bxc8 28. f3 Ne8 29. Bb6 Ndf6 30. Ne3 Nd7 31. Bd8 f6 32. Nc4 Kf7 33. Ba5 Ke7 34. Kf2 Bb7 35. Ke2 f5 36. Kd3 fxe4+ 37. fxe4 Ndf6 38. Bb6 Nh5 39. Na5 Bc8 40. Bf2 Bd7 41. Nb6 Bb5+ 42. Kc3 Kd8 43. Nbc4 Nhf6 44. Be3 h6 45. Bf3 Ke7 46. Na3 Bf1 47. h4 Nc7 48. g4 Bh3 49. g5 Nd7 50. Be2 Kd8 51. Kb3 Bg2 52. Bd3 hxg5 53. hxg5 Be7 54. Ka4 Bf3 55. Nc6+ Ke8 56. Ka5 Bd8 57. Nxd8 Kxd8 58. Bb6 Nxb6 59. Kxb6 Kd7 60. Nc4 Bd1 61. Na5 Ba4 62. Nc6 Bb5 63. Bxb5 Nxb5 64. Kxa6 Nc3 65. b5 Nxe4 66. b6 Nc5+ 67. Ka7 e4 68. b7 Nxb7 69. Kxb7 e3 70. Nd4 Ke8 71. Kc6 Kf7 72. Kxd6 Kg6 73. Ke6 Kxg5 74. d6 1-0

[Event "Santo Domingo Autumn op"]
[Site "Santo Domingo"]
[Date "2016.10.07"]
[Round "1"]
[White "Mendez, Ruddy Antonio"]
[Black "Sanchez Acevedo, Jensy Manuel"]
[Result "1-0"]
[WhiteElo "2074"]
[BlackElo "1729"]
[PlyCount "69"]
[EventDate "2016.10.07"]
[EventType "swiss"]
[EventRounds "8"]
[EventCountry "DOM"]
[SourceTitle "CBM 175 Extra"]
[Source "ChessBase"]
[SourceDate "2016.12.12"]
[SourceVersion "1"]
[SourceVersionDate "2016.12.12"]
[SourceQuality "1"]

1. d4 Nf6 2. Nf3 d5 3. c4 e6 4. g3 Bb4+ 5. Bd2 Nc6 6. a3 Bxd2+ 7. Nbxd2 0-0 8. Bg2 Re8 9. 0-0 Ne7 10. Rc1 c6 11. Re1 Bd7 12. e4 dxe4 13. Nxe4 Nxe4 14. Rxe4 Qb6 15. Ne5 Rad8 16. Qh5 Ng6 17. Nxg6 hxg6 18. Qe2 c5 19. dxc5 Qxc5 20. b4 Qc7 21. Rd4 Bc6 22. Bxc6 Qxc6 23. Rcd1 Qb6 24. c5 Qc7 25. Qb5 Rb8 26. Rd7 Qc6 27. Qxc6 bxc6 28. Rxa7 Red8 29. Rxd8+ Rxd8 30. Rc7 Ra8 31. Rxc6 Rxa3 32. Rc8+ Kh7 33. b5 e5 34. b6 e4 35. b7 1-0

[Event "Santo Domingo Autumn op"]
[Site "Santo Domingo"]
[Date "2016.10.07"]
[Round "7"]
[White "Sanchez Acevedo, Jensy Manuel"]
[Black "Valdez Cruz, Carlos Arturo"]
[Result "1-0"]
[WhiteElo "1729"]
[BlackElo "1501"]
[PlyCount "47"]
[EventDate "2016.10.07"]
[EventType "swiss"]
[EventRounds "8"]
[EventCountry "DOM"]
[SourceTitle "CBM 175 Extra"]
[Source "ChessBase"]
[SourceDate "2016.12.12"]
[SourceVersion "1"]
[SourceVersionDate "2016.12.12"]
[SourceQuality "1"]

1. e4 e5 2. Nf3 Bc5 3. Bc4 d6 4. c3 Nc6 5. d4 exd4 6. cxd4 Nxd4 7. Nxd4 Qh4 8. 0-0 Ne7 9. Nf3 Qxe4 10. Bxf7+ Kd8 11. Re1 Qc6 12. Bg5 d5 13. Nc3 Bg4 14. Nxd5 Qd7 15. Bxe7+ Bxe7 16. Rxe7 Qd6 17. Qe2 Bd7 18. Rxd7+ Qxd7 19. Ne5 Qd6 20. Rd1 Qf8 21. Nb6+ Ke7 22. Rd7+ Kf6 23. Qf3+ Kxe5 24. Nc4# 1-0

[Event "Santo Domingo U2080 op"]
[Site "Santo Domingo"]
[Date "2016.06.13"]
[Round "7"]
[White "Pena Perez, Luis Eduardo"]
[Black "Sanchez Acevedo, Jensy Manuel"]
[Result "1-0"]
[WhiteElo "2064"]
[BlackElo "1750"]
[PlyCount "159"]
[EventDate "2016.06.10"]
[EventType "swiss"]
[EventRounds "8"]
[EventCountry "DOM"]
[SourceTitle "CBM 172 Extra"]
[Source "ChessBase"]
[SourceDate "2016.06.21"]
[SourceVersion "1"]
[SourceVersionDate "2016.06.21"]
[SourceQuality "1"]

1. e4 c5 2. c3 Nf6 3. e5 Nd5 4. d4 cxd4 5. Nf3 Nc6 6. cxd4 d6 7. Bc4 Nb6 8. Be2 dxe5 9. dxe5 Qxd1+ 10. Bxd1 Bg4 11. 0-0 e6 12. h3 Bh5 13. Nc3 Be7 14. Be2 0-0 15. g4 Bg6 16. Be3 Nd7 17. Nd4 Nxd4 18. Bxd4 Bc5 19. Bxc5 Nxc5 20. f4 Bd3 21. Bxd3 Nxd3 22. Rf3 Rfd8 23. Nb5 Nb4 24. Nd6 Nd5 25. Rc1 b6 26. Kg2 f6 27. Kg3 fxe5 28. fxe5 Rf8 29. Rcf1 Rxf3+ 30. Rxf3 Rf8 31. a3 Rxf3+ 32. Kxf3 a5 33. Ke4 Kf8 34. Nc4 g5 35. Kf3 Ke7 36. Kg3 Kf7 37. Kf3 Ke7 38. Ke4 Kd7 39. b3 a4 40. bxa4 Nc3+ 41. Kd4 Nxa4 42. Nd6 Ke7 43. Kc4 Nb2+ 44. Kb5 Nd3 45. Nc4 Nf4 46. Kxb6 Nxh3 47. a4 Nf4 48. Ne3 h5 49. gxh5 Nd5+ 50. Nxd5+ exd5 51. Kc5 g4 52. h6 g3 53. h7 g2 54. h8Q g1Q+ 55. Kc6 Qc1+ 56. Kb7 Qb1+ 57. Ka8 Qg6 58. Kb7 Ke6 59. a5 d4 60. a6 Qb1+ 61. Kc7 Qc2+ 62. Kd8 d3 63. Qf6+ Kd5 64. a7 Qa4 65. Qf3+ Ke6 66. Qh3+ Kxe5 67. Qe3+ Kf6 68. Qb6+ Kf7 69. Qb7+ Ke6 70. a8Q Qh4+ 71. Kc7 Qf4+ 72. Kb6 Qd4+ 73. Kb5 Qb2+ 74. Ka5 Qa3+ 75. Kb6 Qb4+ 76. Ka7 d2 77. Qe4+ Kf6 78. Qh8+ Kf7 79. Qhh7+ Kf6 80. Qef5# 1-0